Practical Time Series Forecasting with R <A> Hands-on Guide
Uložené v:
| Hlavný autor: | |
|---|---|
| Ďalší autori: | |
| Médium: | Kniha |
| Jazyk: | English |
| Vydavateľské údaje: |
Green Cove Springs
Axelrod Schnall Publishers
2018
|
| Vydanie: | 2nd Edition |
| Predmet: | |
| Tagy: |
Žiadne tagy, Buďte prvý, kto otaguje tento záznam!
|
MARC
| LEADER | 00000nam a2200000 4500 | ||
|---|---|---|---|
| 001 | 0259839 | ||
| 005 | 20240221120056.7 | ||
| 020 | |a 978-0-9978479-1-8 | ||
| 020 | |a 0-9978479-1-3 | ||
| 020 | |a 9780997847918 | ||
| 041 | 0 | |a eng | |
| 044 | |a US | ||
| 245 | 1 | 0 | |a Practical Time Series Forecasting with R |b <A> Hands-on Guide |c Galit Shmueli, Kenneth C. Lichtendahl Jr. |
| 250 | |a 2nd Edition | ||
| 264 | 1 | |a Green Cove Springs |b Axelrod Schnall Publishers |c 2018 | |
| 300 | |a 232 s. | ||
| 610 | 2 | 0 | |a prognózovanie |
| 610 | 2 | 0 | |a metódy |
| 610 | 2 | 0 | |a rady časové |
| 610 | 2 | 0 | |a modely ekonometrické |
| 610 | 2 | 0 | |a modely regresné |
| 610 | 2 | 0 | |a komunikácia |
| 610 | 2 | 0 | |a softvér |
| 100 | 1 | |a Shmueli, Galit | |
| 700 | 1 | |a Lichtendahl, Kenneth C. | |